Normal view
MARC view
- Zahid , Shakil
Entry Personal Name
001 - CONTROL NUMBER
- control field: 104577
003 - CONTROL NUMBER IDENTIFIER
- control field: NUST
005 - DATE AND TIME OF LATEST TRANSACTION
- control field: 20221209172811.0
008 - FIXED-LENGTH DATA ELEMENTS
- fixed length control field: 221209|| aca||aabn | a|a d
040 ## - CATALOGING SOURCE
- Original cataloging agency: NUST
- Transcribing agency: NUST
100 ## - HEADING--PERSONAL NAME
- Personal name: Zahid , Shakil
670 ## - SOURCE DATA FOUND
- Source citation: Work cat.: (NUST)194066: Zahid , Shakil , Quran hakeem :, 2011
